Węgierskie komitaty - Statystyki

Ogólne statystyki
  • Ten quiz został rozwiązany 3 razy
  • Średni wynik to 12 z 20
Statystyki odpowiedzi
Komitaty % Poprawnych
Budapeszt
100%
Bács-Kiskun
67%
Baranya
67%
Békés
67%
Borsod-Abaúj-Zemplén
67%
Fejér
67%
Győr-Moson-Sopron
67%
Hajdú-Bihar
67%
Komárom-Esztergom
67%
Nógrád
67%
Pest
67%
Somogy
67%
Szabolcs-Szatmár-Bereg
67%
Vas
67%
Veszprém
67%
Zala
67%
Csongrád-Csanád
33%
Heves
33%
Jász-Nagykun-Szolnok
33%
Tolna
33%
Nie znaleziono quizów pasujących do podanych kryteriów
Rozkład punktacji
Procent ludzi z każdym wynikiem
Percentyl według liczby udzielonych odpowiedzi
Twoja historia wyników
Nie rozwiązałeś tego quizu